Company Mottos - Statistics

General Stats
  • This quiz has been taken 9 times
  • The average score is 3 of 10
Answer Stats
Hint Answer % Correct
Arby’s We have the meat
89%
State Farm Like a good neighbor, State Farm is there
78%
Capital One What’s in your wallet?
56%
Pizza Hut No one outpizzas the hut
44%
Toyota Let’s go places
33%
Google Don’t be evil
22%
Home Depot How doers get more done
11%
New York Times All the news that’s fit to print
0%
Geico Fifteen minutes could save you 15%
0%
United Nations This is your world
0%
No matching quizzes found
Score Distribution
Percent of People with Each Score
Percentile by Number Answered
Your Score History
You have not taken this quiz